<?xml version="1.0" encoding="UTF-8"?><?xml-stylesheet type="text/xsl" href="static/style.xsl"?><OAI-PMH xmlns="http://www.openarchives.org/OAI/2.0/" xmlns:xsi="http://www.w3.org/2001/XMLSchema-instance" xsi:schemaLocation="http://www.openarchives.org/OAI/2.0/ http://www.openarchives.org/OAI/2.0/OAI-PMH.xsd"><responseDate>2026-06-03T23:21:54Z</responseDate><request verb="GetRecord" identifier="oai:riuma.uma.es:10630/26435" metadataPrefix="marc">https://riuma.uma.es/rest/oai/request</request><GetRecord><record><header><identifier>oai:riuma.uma.es:10630/26435</identifier><datestamp>2026-02-12T12:44:44Z</datestamp><setSpec>com_10630_1685</setSpec><setSpec>col_10630_38055</setSpec></header><metadata><record xmlns="http://www.loc.gov/MARC21/slim" xmlns:dcterms="http://purl.org/dc/terms/" xmlns:doc="http://www.lyncode.com/xoai" xmlns:xsi="http://www.w3.org/2001/XMLSchema-instance" xsi:schemaLocation="http://www.loc.gov/MARC21/slim http://www.loc.gov/standards/marcxml/schema/MARC21slim.xsd">
   <leader>00925njm 22002777a 4500</leader>
   <datafield ind2=" " ind1=" " tag="042">
      <subfield code="a">dc</subfield>
   </datafield>
   <datafield ind2=" " ind1=" " tag="720">
      <subfield code="a">González-García, Andrea</subfield>
      <subfield code="e">author</subfield>
   </datafield>
   <datafield ind2=" " ind1=" " tag="260">
      <subfield code="c">2023</subfield>
   </datafield>
   <datafield ind2=" " ind1=" " tag="520">
      <subfield code="a">El objetivo principal de este trabajo es analizar de la influencia de los parámetros de corte&#xd;
sobre el comportamiento a fatiga de piezas torneadas en seco de la aleación de titanio Ti6Al4V&#xd;
de uso aeronáutico. Se ha elegido este tema debido a la importancia del estudio del&#xd;
comportamiento en fatiga de este material, el cual cada vez es más usado en aeronáutica, y al&#xd;
desconocimiento existente de su comportamiento, siendo la fatiga, por motivos de seguridad&#xd;
uno de los fenómenos más importantes a conocer.&#xd;
Para la realización de este trabajo se han ensayado 48 probetas de Ti6Al4V, las cuales han sido&#xd;
mecanizadas con distintos valores de avance y velocidad de corte. Se ha realizado un control&#xd;
dimensional, estudio de la rugosidad superficial y desviaciones de redondez, rectitud y&#xd;
cilindricidad antes de someterlas al ensayo de fatiga.&#xd;
Una vez realizados todos los ensayos, se ha realizado una evaluación sobre la influencia de los&#xd;
distintos parámetros de corte tanto en las desviaciones como en el comportamiento a fatiga,&#xd;
para finalmente llegar extraer conclusiones, al igual que establecer posibles líneas futuras de&#xd;
estudio relacionadas con el tema de este trabajo.</subfield>
   </datafield>
   <datafield ind1="8" ind2=" " tag="024">
      <subfield code="a">https://hdl.handle.net/10630/26435</subfield>
   </datafield>
   <datafield tag="653" ind2=" " ind1=" ">
      <subfield code="a">Torneado - Trabajos fin de grado</subfield>
   </datafield>
   <datafield tag="653" ind2=" " ind1=" ">
      <subfield code="a">Mecanizado - Trabajos fin de grado</subfield>
   </datafield>
   <datafield tag="653" ind2=" " ind1=" ">
      <subfield code="a">Materiales - Fatiga - Trabajos fin de grado</subfield>
   </datafield>
   <datafield tag="653" ind2=" " ind1=" ">
      <subfield code="a">Aeronáutica - Piezas - Trabajos fin de grado</subfield>
   </datafield>
   <datafield ind2="0" ind1="0" tag="245">
      <subfield code="a">Análisis de la influencia de los parámetros de corte sobre el comportamiento a fatiga de piezas torneadas en seco de la aleación de titanio Ti6Al4V de uso aeronáutico.</subfield>
   </datafield>
</record>
</metadata></record></GetRecord></OAI-PMH>